| 000 | 00000ngm 2200000zi 4500 |
| 001 | 9.867548 |
| 003 | CaOODSP |
| 005 | 20240819121849 |
| 006 | m o c f |
| 007 | cr cna|||||||| |
| 008 | 190124s2019 onc003 fo vceng d |
| 020 | |a9780660293820 |
| 040 | |aCaOODSP|beng|erda|cCaOODSP |
| 043 | |an-cn--- |
| 086 | 1 |aCS89-200004/2019-1E-MP4 |
| 245 | 00|aStatCan research beat : |bwho are the working women in the top 1%? |
| 246 | 10|aWho are the working women in the top 1%? |
| 264 | 1|a[Ottawa] : |bStatistics Canada, |c[2019] |
| 300 | |a1 online resource (1 video file (3 min., 5 sec.)) : |bsound, colour |
| 336 | |atwo dimensional moving image|btdi|2rdacontent |
| 337 | |acomputer|bc|2rdamedia |
| 338 | |aonline resource|bcr|2rdacarrier |
| 500 | |aTitle from title screen. |
| 500 | |aIssued also in French under title: StatCan au fil des recherches : qui sont les femmes actives de la tranche de revenu supérieure de 1 % au Canada? |
| 500 | |aVideo transcript in HTML format provided by publisher. |
| 511 | 0 |aOn-screen presenter: Elizabeth Richards. |
| 520 | |a"Working women are now more educated than working men, yet they continue to be outnumbered at the top of the income distribution. In 2015, women represented one in five workers in the top 1%. Research shows that the lack of women in top income groups explains about half of the gender pay gap in Canada. Who are the women reaching top income groups? And how do they differ from men in the same income bracket?"--Transcript. |
| 538 | |aSystem requirements: Multimedia player software such as Windows Media Player. |
| 538 | |aMode of access: World Wide Web. |
| 692 | 07|2gccst|aWomen workers |
| 692 | 07|2gccst|aPay equity |
| 692 | 07|2gccst|aStatistics |
| 700 | 1 |aRichards, Elizabeth, |d1984- |eon-screen presenter. |
| 710 | 2 |aStatistics Canada. |
| 775 | 08|tStatCan au fil des recherches : |w(CaOODSP)9.867550 |
| 856 | 40|qMP4|s18.75 MB|uhttps://publications.gc.ca/collections/collection_2019/statcan/89-200004/CS89-200004-2019-1-eng.mp4|z(video) |
| 856 | 4 |qHTML|sN/A|uhttps://www.statcan.gc.ca/eng/sc/video/research-women-1|z(transcript) |